|
|
|
|
| LEADER |
00000nab a2200000 a 4500 |
| 001 |
vtls000471468 |
| 003 |
SK-MaSNL |
| 005 |
20260303235330.0 |
| 008 |
140507c1992 xo 0 slo |
| 015 |
|
|
|a SNBRB19rr/mm-uuuuu
|
| 035 |
|
|
|a CL0471601
|
| 040 |
|
|
|a SNKBUCL
|b slo
|c SNKBUCL
|e AACR2
|
| 041 |
0 |
|
|a slo
|
| 044 |
|
|
|a xo
|c SK
|
| 080 |
|
|
|a 82.09:885.4-3(048)
|2 1981
|
| 080 |
|
|
|a 885.4-3(048)
|2 1981
|
| 100 |
1 |
|
|a Minár, Pavel
|4 aut
|9 1273912
|
| 245 |
1 |
0 |
|a Je dokonané..
|b Rudolf Sloboda: Útek z rodnej obce (HEVI, Bratislava 1992)
|c Pavel Minár
|
| 650 |
0 |
7 |
|a poviedky spoločenské
|2 snkbucl
|9 318463
|
| 655 |
|
7 |
|a články z novín a časopisov
|2 snkbucl
|9 267496
|
| 655 |
|
7 |
|a články z odboru literárna veda a krásna literatúra
|2 snkbucl
|9 770045
|
| 700 |
1 |
|
|a Sloboda, Rudolf,
|d 1938-1995
|4 aut
|9 101482
|
| 773 |
0 |
|
|t Kultúrny život
|g Roč. 26, č. 30 (1992), s. 9
|
| 787 |
0 |
8 |
|i Rec.:
|a Sloboda, Rudolf
|t Útek z rodnej obce
|d Bratislava : HEVI, 1992
|
| 850 |
|
|
|a Slovenská národná knižnica v Martine
|a MTA001
|
| 852 |
|
|
|a SNK
|b KIS3GCP
|
| 958 |
|
|
|a RK
|
| 958 |
|
|
|a LX
|
| 992 |
|
|
|a RBX
|
| 999 |
|
|
|c 2525199
|d 2527129
|